| 000 | 00617nam a2200217Ia 4500 | ||
|---|---|---|---|
| 005 | 20250508164404.0 | ||
| 008 | 008 250505s9999 xx 000 0 hin d | ||
| 020 | _a81-7178-938-2 | ||
| 037 | _aTextual | ||
| 040 |
_aFEDL _beng _cFEDL |
||
| 041 |
_ahin _2eng |
||
| 084 |
_a891.431, SAX _qFEDL |
||
| 100 | _aSaxena Sarveshwar Dayal | ||
| 245 | 0 | _aKhuntiyon par tangelog: 1976-81 | |
| 260 |
_aNew Delhi, India _bRajkamal Parkashan Pvt. Ltd. _c2006 |
||
| 300 | _a136p. | ||
| 365 |
_aINR _b150 |
||
| 650 | _aHindi literature-Poetry | ||
| 942 |
_cTEXL _h891.431, SAX |
||
| 999 |
_c1388890 _d1388890 |
||